Highest Grossing Movies of 2019 - Statistics

General Stats
  • This quiz has been taken 15 times
  • The average score is 11 of 30
Answer Stats
Hint Answer % Correct
A remake of a classic movie in which a young animal's father is killed by his evil uncle The Lion King
100%
A distraught powerful witch runs into a magical forest in order to learn her past while her sister chases her with a snowman, a guy, and a caribou Frozen II
91%
A group of inanimate toys travel a long distance in order to deliver a sentient arts & crafts project to a young girl Toy Story 4
91%
A remake of a popular movie in which a poor guy makes a wish to a magical being in order to be worthy of marrying a princess Aladdin
82%
A large band of superheroes travel back in time to stop an evil alien from erasing half of the universe Avengers: Endgame
82%
A young superhero deals with the loss of his mentor as he is attacked by a mysterious man and his army of drones Spider-Man: Far from Home
82%
A military pilot gains superpowers from a power reactor and uses them to fight a superintelligence and a race of intergalactic shapeshifters Captain Marvel
64%
Three teenagers and two old men are sucked into a video game, where they attempt to stop a warmongering viking Jumanji: The Next Level
45%
A biographical movie about the life and darker side of Elton John Rocketman
45%
A former actor in Western movies becomes tired of Hollywood, where he often gets drunk and befriends a later victim of Charles Manson Once Upon a Time in Hollywood
36%
A cartoon remake of a classic terrifying family as they interact with a world full of normal people Addams Family
27%
A remake of a classic movie in which a pachyderm uses the power of flight to run away from a circus Dumbo
27%
Two enemies that love cars decide to join forces in order to stop a cyborg supersoldier with a deadly disease Fast & Furious Presents: Hobbs & Shaw
27%
A vigilante in Philadelphia fights a man with 23 different personalities while escaping the police Glass
27%
A group of adults return to their childhood homes in order to stop a sewer-dwelling creature that terrorized them as children It: Chapter two
27%
A mentally ill man commits several heinous crimes as he provokes and becomes the face of a lower-class uprising Joker
27%
After an old author is killed, his family fights for the man's fortune while attempting to figure out who may have killed him Knives Out
27%
A motherless child gains superpowers from an old wizard and uses them to fight a scientist that has literally harnessed deadly sin Shazam
27%
A man accidentally discovers and befriends a famous yellow mouse creature, who attempts to uncover a government conspiracy Detective Pikachu
18%
A massive car company enlists a manufacturer and an expert driver to design and drive a car to beat the dominant car company Ford v. Ferrari
18%
A young girl makes friends with a massive lizard creature, who is forced to fight a giant monster with three heads Godzilla: King of the Monsters
18%
An adult man, formerly a child, discovers a new breed of dragon and attempts to protect it - and his own dragon - from a villain How to Train Your Dragon: The Hidden World
18%
A family goes to the matriarch's childhood home, where they are attacked by masked people that turn out to be mirror reflections of them Us
18%
A wealthy family is torn apart as they host a visit from the Queen of England Downton Abbey
9%
A lethal killer-for-hire, recently kicked out of a secret organization, attempts to survive as a mysterious organization and a world full of hitmen attempt to kill him John Wick: Chapter 3 - Parabellum
9%
A sequel to a retelling of a story in which an evil witch gains power in medieval times despite previously being thwarted by a prince Maleficent: Mistress of Evil
9%
After a long-dead villain returns, two sides of a galactic conflict race to find this villain and either stop or aid the new threat Star Wars: Episode IX - The Rise of Skywalker
9%
A hustling scheme between two prostitutes is destroyed by the '08 Recession Hustlers
0%
Two city dogs are forced to visit the countryside, where they meet a gruff old dog who teaches them how to live on a farm Secret Life of Pets 2
0%
In a post-apocalyptic world, a construction worker enlists the help of his future self in order to save his friends from an intergalactic queen The LEGO Movie 2: The Second Part
0%
No matching quizzes found
Score Distribution
Percent of People with Each Score
Percentile by Number Answered
Your Score History
You have not taken this quiz